Statistiken für Dortmund-Quiz A-Z

Klicken Sie hier um das Quiz zu spielen!

Allgemein

  • Dieses Quiz wurde 148 mal gespielt
  • Das Durchschnittsergebnis liegt bei 14 aus 25

Antwortstatistiken

Antwort% Korrekt
BName des bekanntesten örtlichen FußballvereinsBV Borussia Dortmund
99%
FSportart, der ein Museum direkt am Bahnhof gewidmet istFußball
96%
ADortmunder WappentierAdler
85%
WVeranstaltungshalle und Messezentrum in der Nähe des StadionsWestfalenhallen
72%
GDortmunder Fußballspieler, Deutscher Meister unter Klopp, Weltmeister, bekannt für seine Eskapaden wie z.B. einen DönerwurfKevin Großkreutz
71%
EFluss, der durch Dortmund fließtEmscher
66%
CStadt, welche im Nordwesten an Dortmund grenztCastrop-Rauxel
65%
NSkulputuren dieses Tieres stehen an verschiedenen Stellen der Stadt, Wappentier des KonzerthausesNashorn
63%
TShoppingcenter in der InnenstadtThiergalerie
60%
UBiermarke, die im Dortmunder U gebraut wurdeUnion
59%
PKünstliches Gewässer im Osten der StadtPhoenixsee
58%
KHippes Studentenviertel südlich der InnenstadtKreuzviertel
57%
DStadtteil westlich der InnenstadtDorstfeld
54%
VVerkehrsverbund der unter anderem für Dortmund zuständig istVRR
54%
HEhemaliger Stahlkonzern, welcher in der Nähe des Borsigplatzes ansässig warHoesch
47%
LWestlichster Stadtteil DortmundsLütgendortmund
46%
OStadtteil im Westen der StadtOespel
46%
RParkanlage, bei der sich auch der Zoo befindetRombergpark
46%
SStadtteil im Nordosten der StadtScharnhorst
41%
JMusikfestival, welches im Westfalenpark stattfindetJuicy Beats
40%
YJugendmesse, welche in Dortmund stattfindetYou
38%
ZEhemalige Zeche und mittlerweile Museum im Westen der StadtZollern
38%
IFußballtorwart, der zwischen 1978–1986 bei Dortmund und auch in der Nationalmannschaft spielteEike Immel
36%
XPartnerstadt Dortmunds in China, bekannt für die dort befindliche Terrakotta-ArmeeXi’an
36%
MGroße Tanzveranstaltung, welche jährlich am 30. April stattfindetMayday
21%

Verteilung der Resultate

Perzentil nach korrekt beantworteten Fragen

Anzahl Personen mit jedem Resultat

Ihre Resultats-Entwicklung

Sie haben dieses Quiz noch nicht gespielt